Pamätám sa ešte

Bibliographic Details
Main Author: Húževka, Milan, 1940-2017 (Author)
Format: Article
Language:Slovak
PhysicalDescription:Fot. 1.
Subjects:

MARC

LEADER 00000nab a2200000 a 4500
001 vtls000221780
003 SK-MaSNL
005 20260302204557.0
008 111130c1985 xo 0 slo
015 |a SNBRB19rr/mm-uuuuu 
035 |a CL0231894 
040 |a SNKBUCL  |b slo  |c SNKBUCL  |e AACR2 
041 0 |a slo 
044 |a xo  |c SK 
080 |a 885.4-5(087.5)  |2 1981 
100 1 |a Húževka, Milan,  |d 1940-2017  |4 aut  |9 92958 
245 1 0 |a Pamätám sa ešte  |c Milan Húževka 
300 |b Fot. 1. 
500 |a V rubrike Studničky. 
650 0 7 |a príhovory literárne  |2 snkbucl  |9 921317 
655 7 |a články z novín a časopisov  |2 snkbucl  |9 267496 
655 7 |a články z odboru literárna veda a krásna literatúra  |2 snkbucl  |9 770045 
773 0 |t Ohník  |g Roč. 37, č. 22 (1985), s. 2 
850 |a Slovenská národná knižnica v Martine  |a MTA001 
852 |a SNK  |b KIS3GCP 
958 |a RK 
958 |a LX 
992 |a RBX 
999 |c 1474039  |d 1475969